000 00766nam a2200217 a 4500
001 BRCA_1489
005 20190320203442.0
008 110408s2002----sp-a---###---#000-0#spa-#
020 _a8492323477
050 4 _aNE955
_b.M46 2002
100 1 _aMenéndez Pidal, Faustino
_94863
245 1 0 _aSigilografía en la Fundación Lázaro Galdiano
_cF. Menéndez Pidal.
260 _aMadrid
_bFundación Lázaro Galdiano
_c2002
300 _a89 p.
_bil.
_c24 cm.
440 0 _aCatálogos de la Fundación Lázaro Galdiano
_vV
_94864
500 _aIncluye índice onomástico
610 2 4 _aFundación Lázaro Galdiano (Madrid)
_xColecciones de arte
_93485
650 1 4 _aSellos
_xHistoria
_94865
650 1 4 _aSigilografía
_xColecciones privadas
_zEspaña
_94866
942 _2lcc
_cB
999 _c1350
_d1350